Nuevo régimen de casas particulares. Ley 26844 : Análisis integral multidisciplinario /

Guardado en:
Otros Autores: Segu, Gustavo, (coord.)
Formato: Libro
Idioma:Spanish
Publicado: Ciudad Autónoma de Buenos Aires : Errepar, 2013.
Edición:1a. ed.
Materias:
Etiquetas: Agregar Etiqueta
Sin Etiquetas, Sea el primero en etiquetar este registro!
LEADER 00608nam a22001695a 4500
001 DER.der014251
008 191017s2013####ag############000#0#spa#d
005 20251014181941.0
245 1 0 |a Nuevo régimen de casas particulares. Ley 26844 :  |b Análisis integral multidisciplinario /  |c Coordinado por Gustavo Segu. 
250 |a 1a. ed. 
260 |a Ciudad Autónoma de Buenos Aires :  |b Errepar,  |c 2013. 
300 |a 368 p. 
020 |a 9789870115465 
700 1 |a Segu, Gustavo,  |e coord. 
653 |a DERECHO LABORAL 
859 |a DERECHO  |b BIB. DERECHO  |h 344.01  |i NUE  |p 009507 
859 |a DERECHO  |b BIB. DERECHO  |h 344.01  |i NUE  |p 009508  |t 1